000
00230nam a22000857a 4500
008
161101b xxu||||| |||| 00| 0 eng d
100
_9
1012
_a
Singh.A.K.
245
_a
Science Chemistry-X
260
_a
New Delhi
_b
Bharathi publications
_c
2011
999
_c
3672
_d
3672